MARC

LEADER 00000nam0a2200000 4500
001 276267
005 20231101234914.0
035 |a (RuTPU)RU\TPU\book\299525 
090 |a 276267 
100 |a 20141120d1986 k y0rusy50 ca 
101 0 |a rus 
102 |a RU 
105 |a y z 001zy 
200 1 |a Россия и страны Юго-Восточной Азии  |f М. Г. Козлова  |g Академия наук СССР (АН СССР), Институт востоковедения (ИВ) 
210 |a Москва  |c Главная редакция восточной литературы  |d 1986 
215 |a 327 с. 
225 1 |a СССР и страны Востока 
320 |a Библиогр.: с. 297-313 
320 |a Указатель имен: с. 314-324 
606 1 |a Внешняя политика России в отношении стран Азии  |2 stltpush  |3 (RuTPU)RU\TPU\subj\70347  |9 84660 
610 1 |a 18 век 
610 1 |a 19 век 
610 1 |a политика 
610 1 |a дипломатия 
610 1 |a противоречия 
686 |a Ф4(2)9(5)  |v LBC/SL-A  |2 rubbk 
700 1 |a Козлова  |b М. Г.  |g Марина Георгиевна 
712 0 2 |a Академия наук СССР (АН СССР)  |b Институт востоковедения (ИВ)  |c (Москва)  |2 stltpush  |3 (RuTPU)RU\TPU\col\11263 
801 1 |a RU  |b 63413507  |c 20141120 
801 2 |a RU  |b 63413507  |c 20170131  |g RCR 
942 |c BK